Die filiation der dramatischen Figuren bei Max Frisch /
Guardado en:
| Autor Principal: | |
|---|---|
| Formato: | Libro |
| Idioma: | German |
| Publicado: |
Paris :
Les Belles Lettres,
1975.
|
| Materias: | |
| Etiquetas: |
Agregar Etiqueta
Sin Etiquetas, Sea el primero en etiquetar este registro!
|
| LEADER | 00475nam a22001575a 4500 | ||
|---|---|---|---|
| 001 | EUN.um044193 | ||
| 003 | AR-BaUNS | ||
| 005 | 20050623122914.0 | ||
| 008 | 041125s1975####fr############000#0#ger#d | ||
| 245 | 1 | 0 | |a Die filiation der dramatischen Figuren bei Max Frisch / |c Jean Quenon. |
| 260 | |a Paris : |b Les Belles Lettres, |c 1975. | ||
| 300 | |a 399 p. | ||
| 100 | 1 | |a Quenon, Jean. | |
| 082 | 0 | 4 | |a 839.35 |
| 653 | |a Literatura suiza | ||
| 859 | |a Ar-BaUNS |b BIB. CENTRAL - Sector C |h 839.35 |i Q34 |p 74187/976 | ||
